[Event "EU-ch U16 Girls"]
[Site "Prague"]
[Date "2012.08.24"]
[Round "8"]
[White "Goian, Valeria"]
[Black "Rodsmoen, Maud"]
[Result "1/2-1/2"]
[WhiteElo "1411"]
[BlackElo "1777"]
[PlyCount "120"]
[EventDate "2012.08.17"]
[EventType "swiss"]
[EventRounds "9"]
[EventCountry "CZE"]
[SourceTitle "CBM 150 Extra"]
[Source "ChessBase"]
[SourceDate "2012.10.19"]
[SourceVersion "1"]
[SourceVersionDate "2012.10.19"]
[SourceQuality "1"]

1. d4 d5 2. Nf3 Nf6 3. e3 Bg4 4. c4 e6 5. Nc3 Nc6 6. cxd5 exd5 7. Bd3 Be7 8. 0-0 0-0 9. a3 a5 10. Re1 Kh8 11. h3 Bh5 12. Bd2 Re8 13. Bb5 Ne4 14. Nxe4 dxe4 15. Ng5 Bg6 16. h4 Bxg5 17. hxg5 Qxg5 18. Qb3 Reb8 19. Qc4 Bh5 20. Qc5 Qg6 21. Be2 Bf3 22. Bxf3 exf3 23. g3 Qg4 24. Qd5 Kg8 25. Rec1 Rd8 26. Qb5 Ra6 27. Rc5 Rb6 28. Rg5 Rxb5 29. Rxg4 Rxb2 30. Be1 Rd5 31. Rf4 Rdb5 32. Rxf3 Rb1 33. Rxb1 Rxb1 34. Kf1 Ra1 35. Rf5 Rxa3 36. Rb5 Nd8 37. Bxa5 b6 38. Be1 f6 39. Rd5 Ne6 40. Rd7 Ra7 41. Re7 Ng5 42. d5 Ra1 43. Rxc7 Rd1 44. Rb7 Rxd5 45. Rxb6 Kf7 46. Bb4 Kg6 47. Rd6 Rb5 48. Rd4 Ne6 49. Rd6 Rxb4 50. Rxe6 Rb7 51. e4 Kg5 52. Kg2 h5 53. Re8 h4 54. gxh4+ Kxh4 55. e5 fxe5 56. Rxe5 Kg4 57. Re8 g5 58. Rg8 Kf4 59. Rf8+ Kg4 60. Rg8 Rb4 1/2-1/2